000 00479nab a2200145Ia 4500
003 ES-SlBCS
005 20210601133734.0
008 140529s1999 xxu||||| |||| 00| 0 por d
041 _apor
100 1 _aCunha Boteho, Octavio da
_9209007
245 0 2 _aA história do reconhecimento da filosofia indiana no ocidente
_c Octavio da Cunha Boteho
650 0 4 _aFilosofía Indiana
_9209008
773 0 _tEducaçao e Filosofia
_gvol. 13, nº. 26, 1999, págs. 173
_wRev1534
942 _cAR
999 _c601354
_d601354